00747nam a22001457a 450000500170000000800410001704000240005811000320008224502430011426000590035730000300041665000860044665000320053265000370056420260327102551.0260327b ||||| |||| 00| 0 eng d aLCcUNZAdUNZAeRDA aNational Assembly of Zambia aProgramme on the occasion of Parliament Day, National Assembly of Zambia, parliament buildings, Lusaka:btaking parliament closer to the people, strengthening democratic governance through public engagements /cNational Assembly of Zambia aLusaka :bNational Assembly of Zambia,c23, May, 2025. a32 pages :billustraions. aNational Assembly xPolitical sciencexPolitical sociologyx CitizenshipzZambia. aLegislative bodieszZambia. aPolitics and governmentzZambia.